Význam personálneho a organizačného auditu pre podnik
Vymedzenie personálneho auditu. Personálny audit ako proces a ako kategória. Personálny audit verzus finančný audit. Personálny audit ako súčasť "management appraisals". Organizačný audit.
Salvato in:
| Autore principale: | |
|---|---|
| Natura: | Capitolo di libro |
| Lingua: | slovacco |
| Soggetti: | |
| Tags: |
Nessun Tag, puoi essere il primo ad aggiungerne!!
|
MARC
| LEADER | 00000naa$a2200000$$$4500 | ||
|---|---|---|---|
| 001 | 0003693 | ||
| 005 | 20240502071346.9 | ||
| 041 | 0 | |a slo | |
| 044 | |a SK | ||
| 245 | 1 | 0 | |a Význam personálneho a organizačného auditu pre podnik |c aut. Petra Dobiasová Ing. |
| 520 | |a Vymedzenie personálneho auditu. Personálny audit ako proces a ako kategória. Personálny audit verzus finančný audit. Personálny audit ako súčasť "management appraisals". Organizačný audit. | ||
| 610 | 2 | 0 | |a audit |
| 610 | 2 | 0 | |a manažment personálny |
| 610 | 2 | 0 | |a podnik |
| 610 | 2 | 0 | |a personalistika |
| 100 | 1 | |a Dobiasová, Petra | |